<?xml version='1.0' encoding='UTF-8'?>
  <record xmlns="http://www.loc.gov/MARC21/slim">
    <leader>00000ctm a22000007i 4500</leader>
    <controlfield tag="001">ocn965407618</controlfield>
    <controlfield tag="003">OCoLC</controlfield>
    <controlfield tag="005">20250115012108.7</controlfield>
    <controlfield tag="008">150226q15751600ne            000 0 dut d</controlfield>
    <datafield tag="040" ind1=" " ind2=" ">
      <subfield code="a">QGJ</subfield>
      <subfield code="b">dut</subfield>
      <subfield code="c">QGJ</subfield>
    </datafield>
    <datafield tag="035" ind1=" " ind2=" ">
      <subfield code="a">(OCoLC)965407618</subfield>
    </datafield>
    <datafield tag="041" ind1="1" ind2=" ">
      <subfield code="a">dut</subfield>
      <subfield code="h">lat</subfield>
    </datafield>
    <datafield tag="130" ind1="0" ind2=" ">
      <subfield code="a">Bible.</subfield>
      <subfield code="p">O.T.</subfield>
      <subfield code="p">Proverbs.</subfield>
      <subfield code="l">Dutch.</subfield>
    </datafield>
    <datafield tag="245" ind1="1" ind2="0">
      <subfield code="a">Die vijf boeken Salomons.</subfield>
      <subfield code="f">UBU Hs. 1007 (Hs 5 E 6).</subfield>
    </datafield>
    <datafield tag="260" ind1=" " ind2=" ">
      <subfield code="a">[S.l.],</subfield>
      <subfield code="c">[1575-1600]</subfield>
    </datafield>
    <datafield tag="300" ind1=" " ind2=" ">
      <subfield code="a">140 fols. ;</subfield>
      <subfield code="c">215 x 147 mm.</subfield>
    </datafield>
    <datafield tag="336" ind1=" " ind2=" ">
      <subfield code="a">text</subfield>
      <subfield code="b">txt</subfield>
      <subfield code="2">rdacontent</subfield>
    </datafield>
    <datafield tag="337" ind1=" " ind2=" ">
      <subfield code="a">unmediated</subfield>
      <subfield code="b">n</subfield>
      <subfield code="2">rdamedia</subfield>
    </datafield>
    <datafield tag="338" ind1=" " ind2=" ">
      <subfield code="a">volume</subfield>
      <subfield code="b">nc</subfield>
      <subfield code="2">rdacarrier</subfield>
    </datafield>
    <datafield tag="340" ind1=" " ind2=" ">
      <subfield code="a">paper</subfield>
      <subfield code="k">2 columns, 32 lines, littera hybrida.</subfield>
    </datafield>
    <datafield tag="500" ind1=" " ind2=" ">
      <subfield code="a">Preliminary title.</subfield>
    </datafield>
    <datafield tag="505" ind1="0" ind2=" ">
      <subfield code="a">1. Proverbs -- 2. Ecclesiastes -- 3. Songs of Solomon -- 4. Ecclesiasticus -- 5. Wisdom of Solomon.</subfield>
    </datafield>
    <datafield tag="500" ind1=" " ind2=" ">
      <subfield code="a">With prologues and the corresponding passages from the "Historia scholastica".</subfield>
    </datafield>
    <datafield tag="524" ind1=" " ind2=" ">
      <subfield code="a">Cite as: Universiteitsbibliotheek Utrecht Hs. 1007 (Hs 5 E 6).</subfield>
    </datafield>
    <datafield tag="581" ind1=" " ind2=" ">
      <subfield code="a">P.A. Tiele, Catalogus codicum manu scriptorum Bibliothecae Universitatis Rheno-Trajectinae. I. Trajecti ad Rhenum / Hagae Comitis 1887. P. 244.</subfield>
    </datafield>
    <datafield tag="581" ind1=" " ind2=" ">
      <subfield code="a">C.H. Ebbinge Wubben, Over Middelnederlandsche vertalingen van het Oude Testament. Bouwstoffen voor de geschiedenis der Nederlandsche bijbelvertaling. Dissertatie Leiden. 's-Gravenhage 1903. P. 35, 60-61, passim ('24') (tekstuitgave).</subfield>
    </datafield>
    <datafield tag="581" ind1=" " ind2=" ">
      <subfield code="a">S. Hindman, Text and image in fifteenth-century illustrated Dutch Bibles Textus et imagines in codicibus Sacrae Scripturae Neerlandicis saec. xv imaginibus ornatis. Leiden 1977. (= Verzameling van Middelnederlandse bijbelteksten. Miscellanea 1). P. 101, 117, 143.</subfield>
    </datafield>
    <datafield tag="581" ind1=" " ind2=" ">
      <subfield code="a">J.A.A.M. Biemans, Middelnederlandse bijbelhandschriften Codices manuscripti Sacrae Scripturae neerlandicae. Leiden 1984. (= Verzameling van Middelnederlandse bijbelteksten Corpus Sacrae Scripturae neerlandicae medii aevi). Nr. 56, p. 59 en 61.</subfield>
    </datafield>
    <datafield tag="581" ind1=" " ind2=" ">
      <subfield code="a">K. Stooker &amp; Th. Verbeij, Collecties op orde. Middelnederlandse handschriften uit kloosters en semi-religieuze gemeenschappen in de Nederlanden. 2 dln. Leuven 1997. (= Miscellanea Neerlandica 16). I, p. 272; II, p. 163 nr. 480.</subfield>
    </datafield>
    <datafield tag="655" ind1=" " ind2="7">
      <subfield code="a">Handschriften (vorm)</subfield>
      <subfield code="0">088143309</subfield>
      <subfield code="2">gtt</subfield>
    </datafield>
    <datafield tag="710" ind1="2" ind2=" ">
      <subfield code="a">Regularissenklooster Maria Magdalena (Gouda),</subfield>
      <subfield code="e">former owner.</subfield>
      <subfield code="4">fmo</subfield>
      <subfield code="5">NLUtRU</subfield>
    </datafield>
    <datafield tag="730" ind1="0" ind2=" ">
      <subfield code="a">Bible.</subfield>
      <subfield code="p">Ecclesiastes.</subfield>
      <subfield code="l">Dutch.</subfield>
    </datafield>
    <datafield tag="730" ind1="0" ind2=" ">
      <subfield code="a">Bible.</subfield>
      <subfield code="p">Songs of Solomon.</subfield>
      <subfield code="l">Dutch.</subfield>
    </datafield>
    <datafield tag="730" ind1="0" ind2=" ">
      <subfield code="a">Bible.</subfield>
      <subfield code="p">Apocrypha.</subfield>
      <subfield code="p">Ecclesiasticus.</subfield>
      <subfield code="l">Dutch.</subfield>
    </datafield>
    <datafield tag="730" ind1="0" ind2=" ">
      <subfield code="a">Bible.</subfield>
      <subfield code="p">Apocrypha.</subfield>
      <subfield code="p">Wisdom of Solomon.</subfield>
      <subfield code="l">Dutch.</subfield>
    </datafield>
    <datafield tag="856" ind1="4" ind2="1">
      <subfield code="u">http://objects.library.uu.nl/reader/resolver.php?obj=002652763&amp;type=2</subfield>
      <subfield code="x">Online</subfield>
      <subfield code="z">Full Text</subfield>
    </datafield>
    <datafield tag="936" ind1=" " ind2=" ">
      <subfield code="a">BATCHLOAD</subfield>
    </datafield>
  </record>